000 01164nam a22004330a 4500
001 PT58842
003 AR-LpoUNG
005 20210131231904.0
008 191001s2017||||bl |||||||||||||||||por d
020 _a9788588613072
_c$13
040 _aAR-LpoUNG
_bspa
_cAR-LpoUNG
_eaacr
041 _apor
_aspa
044 _abl
082 0 _a980.033 7rev
100 1 _aQuinteros, Marcela Cristina
_eorg.
245 1 0 _aAs revoluções na América Latina contemporânea
250 _a1ra. ed.
260 _aMaringá :
_bUEM-PGH-História,
_c2017.
300 _a288 p. :
_btbls., gráfs.
650 4 _aAMERICA LATINA
650 4 _aASPECTOS ECONOMICOS
650 4 _aASPECTOS ECONOMICOS
650 4 _aASPECTOS SOCIALES
650 4 _aCAMBIO SOCIAL
650 4 _aHISTORIA
650 4 _aHISTORIA POLITICA
650 4 _aIDEOLOGIAS POLITICAS
650 4 _aLIBERTAD
650 4 _aMOVIMIENTOS SOCIALES
650 4 _aPODER POLITICO
650 4 _aPODER POLITICO
650 4 _aREVOLUCION
650 4 _aVIOLENCIA
651 4 _aAmérica Latina
653 _aPERONISMO
700 1 _aViel Moreira, Luiz Felipe
_eorg.
905 _a58842
942 _cLIB
999 _c12440
_d12440